Jogerős ítélet született a tűt gyermekben felejtő orvos perében Félmillió forintra büntették a sebészt

Elmentve itt :
Bibliográfiai részletek
Dokumentumtípus: Cikk
Megjelent: 2002-03-20
Sorozat:Délmagyarország 92 No. 66
Kulcsszavak:Szécsi János
Online Access:http://dmarchiv.bibl.u-szeged.hu/124503
LEADER 00488nab a2200145 i 4500
001 delm124503
005 20191119131509.0
008 191119s2002 hu o 0|| hun d
040 |a SZTE Délmagyarország Archívum  |b hun 
041 |a hun 
245 0 0 |a Jogerős ítélet született a tűt gyermekben felejtő orvos perében   |h [elektronikus dokumentum] :  |b Félmillió forintra büntették a sebészt 
260 |c 2002-03-20 
300 |a 5 
490 0 |a Délmagyarország  |v 92 No. 66 
695 |a Szécsi János